=LDR 00000nam 2200000 4500 =001 INLIS000000000044743 =005 20131008110645 =008 ***********************************Ind** =035 ##$$0010-101300000002665 =041 ##$$a Ind =082 ##$$a 152.4 =090 ##$$a 152.4, Sha i =100 ##$$a Sharp, Timothy, J =245 ##$$a I' M Happy 100 Cara Bahagia Bagi Orang Sibuk, Timothy.J Sharp ; Penerjemah, Isnaini Kamarudin =260 ##$$a 2010 $b Jakarta =300 ##$$a VI,218 Hlm, 20 Cm =850 ##$$a NNT-CD